[Event "Larsen Nordjyske Memorial"]
[Site "Aalborg"]
[Date "2012.10.16"]
[Round "2"]
[White "Kolbak, Jens"]
[Black "Nielsen, Poul Erik"]
[Result "1/2-1/2"]
[WhiteElo "2251"]
[BlackElo "2079"]
[PlyCount "91"]
[EventDate "2012.10.15"]
[EventType "swiss"]
[EventRounds "7"]
[EventCountry "DEN"]
[SourceTitle "EXT 2013"]
[Source "ChessBase"]
[SourceDate "2012.11.22"]

1. e4 g6 2. d4 Bg7 3. Nf3 d6 4. h3 Nf6 5. Nc3 O-O 6. Be3 c6 7. Qd2 Re8 8. Bd3
b5 9. a3 Bb7 10. O-O a6 11. Rad1 Nbd7 12. Bh6 c5 13. Bxg7 Kxg7 14. Rfe1 Qc7 15.
d5 e6 16. dxe6 fxe6 17. Qf4 e5 18. Qd2 Nf8 19. Bf1 Rad8 20. Nd5 Bxd5 21. exd5
c4 22. b3 c3 23. Qe3 Rc8 24. b4 e4 25. Nh2 N8d7 26. Ng4 Nxg4 27. hxg4 Qb6 28.
Qd4+ Qxd4 29. Rxd4 e3 30. Rxe3 Rxe3 31. fxe3 Ne5 32. Be2 Kf6 33. Kf2 Kg5 34.
Kg3 Re8 35. Kf2 Nd7 36. Rd3 Rc8 37. Rd1 Nf6 38. Rd4 Rf8 39. Bf3 Nd7 40. Kg3 Ne5
41. Be2 Rc8 42. Rf4 Re8 43. Kf2 Re7 44. Rd4 Nd7 45. Bf3 Ne5 46. Ke1 1/2-1/2

[Event "Larsen Nordjyske Memorial"]
[Site "Aalborg"]
[Date "2012.10.20"]
[Round "6"]
[White "Kolbak, Jens"]
[Black "Hess, Christian Mathias"]
[Result "1/2-1/2"]
[WhiteElo "2251"]
[BlackElo "2260"]
[PlyCount "103"]
[EventDate "2012.10.15"]
[EventType "swiss"]
[EventRounds "7"]
[EventCountry "DEN"]
[SourceTitle "EXT 2013"]
[Source "ChessBase"]
[SourceDate "2012.11.22"]

1. e4 c6 2. c4 d5 3. exd5 cxd5 4. d4 Nf6 5. Nc3 e6 6. Nf3 Bb4 7. a3 Bxc3+ 8.
bxc3 O-O 9. Bd3 dxc4 10. Bxc4 Qc7 11. Qd3 Nbd7 12. O-O b6 13. Bb2 Bb7 14. Nd2
Rac8 15. Rfc1 Rfd8 16. Qe2 Qf4 17. g3 Qc7 18. Bd3 Qc6 19. f3 h5 20. a4 h4 21.
a5 hxg3 22. hxg3 Nc5 23. Bb5 Qc7 24. Qf2 Ncd7 25. Bf1 e5 26. c4 exd4 27. Bxd4
Nc5 28. axb6 axb6 29. Bxc5 bxc5 30. Bh3 Rb8 31. Rd1 Rd4 32. Nb3 Rxd1+ 33. Rxd1
Bc8 34. Bxc8 Rxb3 35. Bh3 g6 36. Bf1 Kg7 37. Rd3 Rb1 38. Kg2 Qe5 39. Re3 Qd4
40. Re1 Rxe1 41. Qxe1 Nd7 42. Qe2 Ne5 43. f4 Nc6 44. Kh2 Qf6 45. Bg2 Nd4 46.
Qd3 g5 47. fxg5 Qxg5 48. Bd5 Nf5 49. Qf3 Qd2+ 50. Kh3 Qh6+ 51. Kg2 Qg5 52. Kh3
1/2-1/2

[Event "Larsen Nordjyske Memorial"]
[Site "Aalborg"]
[Date "2012.10.21"]
[Round "7"]
[White "Kristiansen, Erling"]
[Black "Chernikov, Oleg L"]
[Result "1/2-1/2"]
[WhiteElo "2205"]
[BlackElo "2415"]
[PlyCount "56"]
[EventDate "2012.10.15"]
[EventType "swiss"]
[EventRounds "7"]
[EventCountry "DEN"]
[SourceTitle "EXT 2013"]
[Source "ChessBase"]
[SourceDate "2012.11.22"]

1. Nf3 Nf6 2. g3 d5 3. Bg2 c6 4. b3 g6 5. Bb2 Bg7 6. O-O O-O 7. d3 c5 8. Nbd2
Nc6 9. Ne5 Nxe5 10. Bxe5 Bd7 11. d4 Qb6 12. c4 e6 13. cxd5 exd5 14. dxc5 Qxc5
15. Nf3 Rfe8 16. Rc1 Qb6 17. e3 Bf5 18. Bd4 Qa6 19. Qd2 Bf8 20. a4 Be4 21. Qb2
Bg7 22. Rc7 Rec8 23. Rfc1 Rxc7 24. Rxc7 Ne8 25. Rc1 Qd6 26. Qc3 Rd8 27. Qc5
Qxc5 28. Rxc5 Ra8 1/2-1/2

[Event "Larsen Nordjyske Memorial"]
[Site "Aalborg"]
[Date "2012.10.19"]
[Round "5"]
[White "Kristiansen, Erling"]
[Black "Olafsson, Fridrik"]
[Result "1/2-1/2"]
[WhiteElo "2205"]
[BlackElo "2431"]
[PlyCount "63"]
[EventDate "2012.10.15"]
[EventType "swiss"]
[EventRounds "7"]
[EventCountry "DEN"]
[SourceTitle "EXT 2013"]
[Source "ChessBase"]
[SourceDate "2012.11.22"]

1. Nf3 Nf6 2. c4 g6 3. g3 Bg7 4. Bg2 O-O 5. Nc3 d6 6. O-O c6 7. Rb1 d5 8. cxd5
cxd5 9. d4 Bf5 10. Ra1 Nc6 11. Ne5 Qa5 12. h3 Ne4 13. Nxc6 bxc6 14. Nxe4 Bxe4
15. Bd2 Qb5 16. f3 Bf5 17. Bc3 c5 18. e3 cxd4 19. exd4 Rfd8 20. Re1 e5 21. Qd2
Rac8 22. g4 Be6 23. Bf1 Qa4 24. Qd1 Qxd1 25. Raxd1 e4 26. fxe4 dxe4 27. a3 Bb3
28. Rd2 f5 29. h4 Bd5 30. gxf5 gxf5 31. Rf2 Be6 32. Ra1 1/2-1/2

[Event "Larsen Nordjyske Memorial"]
[Site "Aalborg"]
[Date "2012.10.15"]
[Round "1"]
[White "Kristiansen, Erling"]
[Black "Jacobsen, Bo"]
[Result "0-1"]
[WhiteElo "2205"]
[BlackElo "2309"]
[PlyCount "57"]
[EventDate "2012.10.15"]
[EventType "swiss"]
[EventRounds "7"]
[EventCountry "DEN"]
[SourceTitle "EXT 2013"]
[Source "ChessBase"]
[SourceDate "2012.11.22"]

1. d4 Nf6 2. c4 g6 3. Nf3 Bg7 4. g3 O-O 5. Bg2 d6 6. Nc3 Nc6 7. O-O Bf5 8. d5
Na5 9. Nd4 Bd7 10. Qd3 c5 11. Nc2 a6 12. Rb1 Rb8 13. b4 cxb4 14. Rxb4 Qc7 15.
Be3 Bf5 16. Bb6 Qxb6 17. Rxb6 Bxd3 18. exd3 Nd7 19. Na4 Nxb6 20. Nxb6 Rfe8 21.
Rb1 e6 22. Kf1 exd5 23. cxd5 Re7 24. Bf3 Rc7 25. Bd1 Kf8 26. h4 Ke7 27. h5 Rc5
28. hxg6 hxg6 29. Ra1 0-1

[Event "Larsen Nordjyske Memorial"]
[Site "Aalborg"]
[Date "2012.10.17"]
[Round "3"]
[White "Kristiansen, Jens"]
[Black "Hansen, Jorn Bach"]
[Result "1-0"]
[WhiteElo "2419"]
[BlackElo "2041"]
[PlyCount "57"]
[EventDate "2012.10.15"]
[EventType "swiss"]
[EventRounds "7"]
[EventCountry "DEN"]
[SourceTitle "EXT 2013"]
[Source "ChessBase"]
[SourceDate "2012.11.22"]

1. d4 e6 2. Nf3 d5 3. e3 Nf6 4. Bd3 b6 5. O-O Be7 6. Ne5 O-O 7. Qe2 c5 8. c3
Bb7 9. Nd2 Nbd7 10. f4 Ne4 11. Nxe4 dxe4 12. Bc4 Nf6 13. f5 exf5 14. Rxf5 Bd5
15. Bd2 Rc8 16. Bxd5 Qxd5 17. c4 Qe6 18. Raf1 b5 19. d5 Qd6 20. cxb5 Nxd5 21.
Nxf7 Rxf7 22. Rxf7 Nf6 23. Qc4 Kh8 24. Bc3 Rd8 25. h3 Re8 26. Bxf6 Bxf6 27.
Rxa7 h6 28. Qf7 Rf8 29. Rd7 1-0

[Event "Larsen Nordjyske Memorial"]
[Site "Aalborg"]
[Date "2012.10.16"]
[Round "2"]
[White "Kristiansen, Jens"]
[Black "Jorgensen, Jorgen"]
[Result "1-0"]
[WhiteElo "2419"]
[BlackElo "2184"]
[PlyCount "137"]
[EventDate "2012.10.15"]
[EventType "swiss"]
[EventRounds "7"]
[EventCountry "DEN"]
[SourceTitle "EXT 2013"]
[Source "ChessBase"]
[SourceDate "2012.11.22"]

1. d4 f5 2. Nc3 Nf6 3. Bg5 d5 4. Bxf6 exf6 5. e3 Be6 6. Bd3 Nc6 7. a3 Qd7 8.
Qf3 O-O-O 9. Nge2 g6 10. O-O-O h5 11. Nf4 Bf7 12. h4 Kb8 13. Kb1 Bh6 14. g3
Rhe8 15. Bb5 a6 16. Ba4 Qd6 17. Nd3 Re7 18. b4 b6 19. Ka1 Ka7 20. Bb3 Re4 21.
Nb2 Re7 22. Rc1 Nb8 23. Rhd1 c6 24. Na2 b5 25. a4 Nd7 26. Nd3 Qc7 27. c3 Rde8
28. Rc2 Re4 29. Nac1 Ra8 30. Ne2 Bf8 31. Ra2 Kb7 32. Kb2 Nb6 33. Nc5+ Bxc5 34.
dxc5 Nc4+ 35. Bxc4 dxc4 36. Nd4 bxa4 37. Rxa4 Bd5 38. Qe2 Ree8 39. Rda1 Qe7 40.
Qc2 Be4 41. Qd1 Bd5 42. Qb1 Reb8 43. Qa2 Kc7 44. Kc1 Qe4 45. Qc2 Qxc2+ 46. Kxc2
Kb7 47. Rd1 Re8 48. Rd2 Be4+ 49. Kb2 Bd3 50. Ra1 Re7 51. Nb3 Kc7 52. Nc1 Be4
53. Rd4 Bd5 54. b5 Ree8 55. b6+ Kb7 56. Ne2 Re5 57. Nf4 g5 58. Nxd5 cxd5 59. f4
Rxe3 60. Rxd5 Kc6 61. Rxf5 Re2+ 62. Ka3 gxh4 63. gxh4 Rd8 64. Kb4 Re6 65. Rxa6
Kb7 66. Ra7+ Kb8 67. Kxc4 Re4+ 68. Kb5 Rd1 69. Rxf6 1-0

[Event "Larsen Nordjyske Memorial"]
[Site "Aalborg"]
[Date "2012.10.19"]
[Round "5"]
[White "Kristiansen, Jens"]
[Black "Andreasen, Per Naesby"]
[Result "1-0"]
[WhiteElo "2419"]
[BlackElo "2296"]
[PlyCount "47"]
[EventDate "2012.10.15"]
[EventType "swiss"]
[EventRounds "7"]
[EventCountry "DEN"]
[SourceTitle "EXT 2013"]
[Source "ChessBase"]
[SourceDate "2012.11.22"]

1. d4 e6 2. Nf3 d5 3. e3 Nf6 4. Bd3 c5 5. b3 Nc6 6. O-O Bd6 7. Bb2 Qc7 8. c4
dxc4 9. bxc4 e5 10. Nc3 cxd4 11. exd4 exd4 12. Re1+ Be6 13. Nd5 Qd7 14. Nxd4
Nxd4 15. Bxd4 Be7 16. Rb1 Bxd5 17. Bxf6 gxf6 18. cxd5 O-O-O 19. Qc2+ Kb8 20.
Bb5 Qd6 21. Bc6 b6 22. Qa4 Qc7 23. Rxe7 Qxe7 24. Rxb6+ 1-0

[Event "Larsen Nordjyske Memorial"]
[Site "Aalborg"]
[Date "2012.10.21"]
[Round "7"]
[White "Kristiansen, Jens"]
[Black "Kolbak, Jens"]
[Result "1/2-1/2"]
[WhiteElo "2419"]
[BlackElo "2251"]
[PlyCount "42"]
[EventDate "2012.10.15"]
[EventType "swiss"]
[EventRounds "7"]
[EventCountry "DEN"]
[SourceTitle "EXT 2013"]
[Source "ChessBase"]
[SourceDate "2012.11.22"]

1. d4 Nf6 2. Nf3 d5 3. c4 e6 4. Nc3 Be7 5. Bg5 O-O 6. e3 Ne4 7. Bxe7 Qxe7 8.
Qc2 f5 9. cxd5 Nxc3 10. bxc3 exd5 11. Bd3 Nc6 12. O-O Rb8 13. Rab1 Be6 14. Bb5
Nd8 15. c4 Kh8 16. Ne5 f4 17. cxd5 Bxd5 18. e4 Bg8 19. Bc4 Ne6 20. Nf3 c6 21.
Rfe1 Ra8 1/2-1/2

[Event "Larsen Nordjyske Memorial"]
[Site "Aalborg"]
[Date "2012.10.17"]
[Round "3"]
[White "Larsen, Arne Walther"]
[Black "Kolbak, Jens"]
[Result "0-1"]
[WhiteElo "1866"]
[BlackElo "2251"]
[PlyCount "72"]
[EventDate "2012.10.15"]
[EventType "swiss"]
[EventRounds "7"]
[EventCountry "DEN"]
[SourceTitle "EXT 2013"]
[Source "ChessBase"]
[SourceDate "2012.11.22"]

1. c4 Nf6 2. g3 e5 3. Bg2 Be7 4. d3 O-O 5. Nc3 Re8 6. e4 Nc6 7. Nge2 d6 8. O-O
Bg4 9. f3 Be6 10. f4 Bg4 11. h3 Bxe2 12. Nxe2 Bf8 13. f5 a6 14. g4 h6 15. Ng3
Nh7 16. Nh5 Be7 17. Be3 Bg5 18. Qd2 Nd4 19. Bxg5 Qxg5 20. Qxg5 hxg5 21. Rf2 b5
22. Ng3 Nf6 23. Nf1 bxc4 24. dxc4 Rab8 25. Ne3 a5 26. b3 a4 27. bxa4 Rb4 28.
Rc1 Rxa4 29. Nd5 c5 30. Rb2 Nxd5 31. cxd5 Rea8 32. Rcb1 Rxa2 33. Rxa2 Rxa2 34.
Rb8+ Kh7 35. Bf1 Nf3+ 36. Kh1 Rh2# 0-1

[Event "Larsen Nordjyske Memorial"]
[Site "Aalborg"]
[Date "2012.10.17"]
[Round "3"]
[White "Nielsen, Poul Erik"]
[Black "Andreasen, Per Naesby"]
[Result "0-1"]
[WhiteElo "2079"]
[BlackElo "2296"]
[PlyCount "74"]
[EventDate "2012.10.15"]
[EventType "swiss"]
[EventRounds "7"]
[EventCountry "DEN"]
[SourceTitle "EXT 2013"]
[Source "ChessBase"]
[SourceDate "2012.11.22"]

1. e4 g6 2. Nf3 Bg7 3. g3 d6 4. d3 Nf6 5. Bg2 O-O 6. O-O c5 7. Nbd2 Nc6 8. Re1
Qc7 9. Nf1 b6 10. e5 dxe5 11. Nxe5 Bb7 12. Nxc6 Bxc6 13. Bxc6 Qxc6 14. Rxe7 h5
15. h4 Ng4 16. Re2 Rae8 17. c3 Qf3 18. Be3 Re6 19. Re1 Rxe3 20. fxe3 Qf2+ 21.
Kh1 Qxb2 22. Qe2 Qxc3 23. Rad1 Re8 24. Qf3 Bh6 25. Re2 Re6 26. Nh2 Nxe3 27.
Rde1 Kg7 28. g4 Rf6 29. Qe4 Nxg4 30. Nxg4 hxg4 31. Rg1 Rf4 32. Qd5 Qf6 33. h5
Rf5 34. Qa8 Rxh5+ 35. Kg2 Qf4 36. Rge1 Qh2+ 37. Kf1 Rf5+ 0-1

[Event "Larsen Nordjyske Memorial"]
[Site "Aalborg"]
[Date "2012.10.18"]
[Round "4"]
[White "Ofstad, Per"]
[Black "Chernikov, Oleg L"]
[Result "0-1"]
[WhiteElo "2182"]
[BlackElo "2415"]
[PlyCount "80"]
[EventDate "2012.10.15"]
[EventType "swiss"]
[EventRounds "7"]
[EventCountry "DEN"]
[SourceTitle "EXT 2013"]
[Source "ChessBase"]
[SourceDate "2012.11.22"]

1. e4 c5 2. Nc3 d6 3. Nge2 Nf6 4. d4 cxd4 5. Nxd4 Nc6 6. Be2 g6 7. Be3 Bg7 8.
O-O O-O 9. h3 Bd7 10. Qd2 Nxd4 11. Bxd4 Bc6 12. Bf3 Qa5 13. Rad1 Rfc8 14. Rfe1
Nd7 15. Bxg7 Kxg7 16. Bg4 Rd8 17. Bxd7 Rxd7 18. Nd5 Qxd2 19. Rxd2 e6 20. Nb4 a5
21. Nxc6 bxc6 22. Re3 Kf8 23. Rb3 Ke7 24. f4 a4 25. Rb6 Rc7 26. Rd3 Ra5 27. Rc3
Kd7 28. Kf2 f5 29. exf5 exf5 30. h4 Rd5 31. Rb4 Rd2+ 32. Kf3 Ra7 33. g3 c5 34.
Rb8 Kc6 35. h5 Re7 36. hxg6 hxg6 37. Rc8+ Kb7 38. Rg8 Ree2 39. Rxg6 Rf2+ 40.
Ke3 d5 0-1

[Event "Larsen Nordjyske Memorial"]
[Site "Aalborg"]
[Date "2012.10.15"]
[Round "1"]
[White "Olafsson, Fridrik"]
[Black "Rooze, Jan"]
[Result "1/2-1/2"]
[WhiteElo "2431"]
[BlackElo "2286"]
[PlyCount "43"]
[EventDate "2012.10.15"]
[EventType "swiss"]
[EventRounds "7"]
[EventCountry "DEN"]
[SourceTitle "EXT 2013"]
[Source "ChessBase"]
[SourceDate "2012.11.22"]

1. d4 Nf6 2. c4 c5 3. dxc5 e6 4. Nf3 Bxc5 5. Nc3 Qb6 6. e3 Nc6 7. a3 Qc7 8. Be2
b6 9. O-O Bb7 10. b3 Rc8 11. Bb2 Qb8 12. Nb5 Be7 13. Qd3 a6 14. Nbd4 Ng4 15. g3
Nce5 16. Nxe5 Nxe5 17. Qd1 O-O 18. f4 Nc6 19. Bd3 Nxd4 20. Bxd4 Ba8 21. Be2
Rfd8 22. Bf3 1/2-1/2

[Event "Larsen Nordjyske Memorial"]
[Site "Aalborg"]
[Date "2012.10.20"]
[Round "6"]
[White "Olafsson, Fridrik"]
[Black "Pedersen, Svend"]
[Result "1/2-1/2"]
[WhiteElo "2431"]
[BlackElo "2210"]
[PlyCount "33"]
[EventDate "2012.10.15"]
[EventType "swiss"]
[EventRounds "7"]
[EventCountry "DEN"]
[SourceTitle "EXT 2013"]
[Source "ChessBase"]
[SourceDate "2012.11.22"]

1. d4 d6 2. Nf3 g6 3. c4 Bg7 4. Nc3 e5 5. dxe5 dxe5 6. Qxd8+ Kxd8 7. g3 c6 8.
Ng5 Nh6 9. Nge4 f5 10. Nd6 Ke7 11. Nxc8+ Rxc8 12. Bg5+ Kf8 13. e4 f4 14. gxf4
Nf7 15. f3 h6 16. Bh4 exf4 17. Bf2 1/2-1/2

[Event "Larsen Nordjyske Memorial"]
[Site "Aalborg"]
[Date "2012.10.18"]
[Round "4"]
[White "Olafsson, Fridrik"]
[Black "Hansen, John Nyholm"]
[Result "1-0"]
[WhiteElo "2431"]
[BlackElo "2087"]
[PlyCount "91"]
[EventDate "2012.10.15"]
[EventType "swiss"]
[EventRounds "7"]
[EventCountry "DEN"]
[SourceTitle "EXT 2013"]
[Source "ChessBase"]
[SourceDate "2012.11.22"]

1. Nf3 Nf6 2. c4 e6 3. g3 b6 4. Bg2 Bb7 5. b3 c5 6. Bb2 Be7 7. O-O d6 8. d4
cxd4 9. Qxd4 Qc7 10. Nc3 a6 11. Rfd1 Nbd7 12. h3 O-O 13. g4 h6 14. Qf4 Ne5 15.
Qg3 Nxf3+ 16. Bxf3 Bxf3 17. exf3 Rac8 18. a4 Rfd8 19. f4 d5 20. cxd5 Nxd5 21.
Nxd5 Rxd5 22. Rxd5 exd5 23. Rc1 Qb7 24. Rxc8+ Qxc8 25. Qe3 Qe6 26. f5 Qe4 27.
Qxe4 dxe4 28. Bd4 b5 29. axb5 axb5 30. f3 exf3 31. Kf2 g6 32. f6 Ba3 33. Kxf3
Kf8 34. Be3 h5 35. gxh5 gxh5 36. Kf4 Ke8 37. Kg5 Bb2 38. Bc5 Kd7 39. Be7 Ke6
40. Kxh5 Kf5 41. Kh6 Bxf6 42. Bxf6 Kxf6 43. h4 Ke5 44. Kg5 f5 45. h5 f4 46. h6
1-0

[Event "Larsen Nordjyske Memorial"]
[Site "Aalborg"]
[Date "2012.10.20"]
[Round "6"]
[White "Pedersen, Jan Rode"]
[Black "Nielsen, Poul Erik"]
[Result "1-0"]
[WhiteElo "2215"]
[BlackElo "2079"]
[PlyCount "61"]
[EventDate "2012.10.15"]
[EventType "swiss"]
[EventRounds "7"]
[EventCountry "DEN"]
[SourceTitle "EXT 2013"]
[Source "ChessBase"]
[SourceDate "2012.11.22"]

1. e4 e6 2. d4 a6 3. Nf3 Be7 4. Bd3 b5 5. O-O Bb7 6. Qe2 c5 7. c3 cxd4 8. cxd4
Nf6 9. Nc3 d5 10. e5 Nfd7 11. Bd2 Nc6 12. Rac1 g5 13. Nxd5 Nxd4 14. Nxd4 Bxd5
15. Nc6 Bxc6 16. Rxc6 Qb8 17. f4 h6 18. Rfc1 Nb6 19. Be4 Nc4 20. Be1 gxf4 21.
b3 Ne3 22. Rc7 Nd5 23. Bxd5 exd5 24. e6 Qb6+ 25. Bf2 Qxe6 26. Qc2 Bf6 27. Re1
Be5 28. Rc6 Kd7 29. Rxe6 Kxe6 30. Qc6+ Kf5 31. Qd7+ 1-0

[Event "Larsen Nordjyske Memorial"]
[Site "Aalborg"]
[Date "2012.10.15"]
[Round "1"]
[White "Pedersen, Svend"]
[Black "Uhlmann, Wolfgang"]
[Result "0-1"]
[WhiteElo "2210"]
[BlackElo "2325"]
[PlyCount "96"]
[EventDate "2012.10.15"]
[EventType "swiss"]
[EventRounds "7"]
[EventCountry "DEN"]
[SourceTitle "EXT 2013"]
[Source "ChessBase"]
[SourceDate "2012.11.22"]

1. e4 e6 2. d3 d5 3. Nd2 Nf6 4. e5 Nfd7 5. f4 c5 6. Ndf3 Nc6 7. g3 b5 8. Bg2
Bb7 9. Nh3 Be7 10. O-O b4 11. c4 bxc3 12. bxc3 O-O 13. Re1 Qc7 14. Be3 Rad8 15.
Bf2 Qa5 16. Rc1 Nb6 17. g4 Bc8 18. Qe2 Na4 19. Qc2 Bd7 20. a3 Rb8 21. c4 Rb2
22. Qd1 Nc3 23. Rxc3 Qxc3 24. cxd5 exd5 25. f5 Rfb8 26. Nf4 Qc2 27. Qxc2 Rxc2
28. Nxd5 Rbb2 29. Rf1 Bd8 30. Ne3 Re2 31. Nc4 Ra2 32. Bh1 g6 33. e6 fxe6 34.
fxg6 hxg6 35. Bxc5 Be7 36. Bxe7 Nxe7 37. Nd4 Rxh2 38. Ne5 Bc8 39. Be4 Rhb2 40.
Nc4 Rb8 41. Rc1 Nd5 42. Nc6 Nf4 43. Nxb8 Ne2+ 44. Kf1 Nxc1 45. Nd6 Rb2 46. Nxc8
Rxb8 47. Nxa7 Rb3 48. Bxg6 Nxd3 0-1

[Event "Larsen Nordjyske Memorial"]
[Site "Aalborg"]
[Date "2012.10.21"]
[Round "7"]
[White "Pedersen, Svend"]
[Black "Andreasen, Per Naesby"]
[Result "1/2-1/2"]
[WhiteElo "2210"]
[BlackElo "2296"]
[PlyCount "20"]
[EventDate "2012.10.15"]
[EventType "swiss"]
[EventRounds "7"]
[EventCountry "DEN"]
[SourceTitle "EXT 2013"]
[Source "ChessBase"]
[SourceDate "2012.11.22"]

1. e4 c6 2. d4 g6 3. Nc3 Bg7 4. g3 d5 5. Nge2 dxe4 6. Nxe4 Nd7 7. Bg2 Ngf6 8.
O-O Nxe4 9. Bxe4 Nf6 10. Bg2 O-O 1/2-1/2

[Event "Larsen Nordjyske Memorial"]
[Site "Aalborg"]
[Date "2012.10.19"]
[Round "5"]
[White "Pedersen, Svend"]
[Black "Jacobsen, Bo"]
[Result "1/2-1/2"]
[WhiteElo "2210"]
[BlackElo "2309"]
[PlyCount "115"]
[EventDate "2012.10.15"]
[EventType "swiss"]
[EventRounds "7"]
[EventCountry "DEN"]
[SourceTitle "EXT 2013"]
[Source "ChessBase"]
[SourceDate "2012.11.22"]

1. e4 e5 2. Nf3 Nc6 3. Be2 Nf6 4. d3 a6 5. c3 Bc5 6. Nbd2 O-O 7. Qc2 Re8 8. b4
Ba7 9. a3 d6 10. h3 Ne7 11. Bb2 Ng6 12. g3 h6 13. d4 Bd7 14. dxe5 Nxe5 15. Nxe5
Rxe5 16. c4 Re8 17. g4 Qe7 18. f3 c5 19. Qc3 b5 20. h4 Qe5 21. Qxe5 dxe5 22.
bxc5 Bxc5 23. Nb3 Be3 24. cxb5 axb5 25. Rd1 Be6 26. Rd3 Bf4 27. Rc3 Reb8 28.
Nc5 b4 29. axb4 Rxb4 30. Nd3 Rbb8 31. Kf2 Ra2 32. Rb1 Bxg4 33. Rc2 Be6 34. Nc5
Bc8 35. Bc4 Raa8 36. Nd3 Ba6 37. Bxa6 Rxa6 38. Nxf4 exf4 39. Rbc1 Kh7 40. Be5
Rb3 41. Bxf6 Rxf6 42. Rc6 Rxc6 43. Rxc6 Rb2+ 44. Kg1 Rb5 45. Rc7 Kg6 46. Kg2
Rb2+ 47. Kg1 h5 48. Rc5 Rb6 49. Rg5+ Kh6 50. Rf5 f6 51. Rxf4 g6 52. e5 fxe5 53.
Re4 Rd6 54. Rxe5 Rd4 55. Re4 Rxe4 56. fxe4 g5 57. hxg5+ Kxg5 58. Kh2 1/2-1/2

[Event "Larsen Nordjyske Memorial"]
[Site "Aalborg"]
[Date "2012.10.21"]
[Round "7"]
[White "Rooze, Jan"]
[Black "Jorgensen, Jorgen"]
[Result "1-0"]
[WhiteElo "2286"]
[BlackElo "2184"]
[PlyCount "99"]
[EventDate "2012.10.15"]
[EventType "swiss"]
[EventRounds "7"]
[EventCountry "DEN"]
[SourceTitle "EXT 2013"]
[Source "ChessBase"]
[SourceDate "2012.11.22"]

1. e4 c6 2. d4 d5 3. e5 Bf5 4. Nf3 e6 5. Be2 Nd7 6. Nbd2 Ne7 7. O-O Bg6 8. Nh4
c5 9. c3 Nc6 10. Nxg6 hxg6 11. Nf3 Be7 12. Be3 a6 13. Qd2 Rc8 14. Rac1 cxd4 15.
cxd4 O-O 16. Rc2 Nb6 17. Rfc1 Qd7 18. Bg5 Nb4 19. Rxc8 Rxc8 20. Rxc8+ Nxc8 21.
Bxe7 Qxe7 22. Qc3 Na7 23. a3 Nbc6 24. Kf1 Qd8 25. Qc5 Qa5 26. Qxa5 Nxa5 27. Ke1
Nc4 28. Bxc4 dxc4 29. Kd2 Nc6 30. Kc3 b5 31. a4 f6 32. axb5 axb5 33. h4 Kf7 34.
g4 Ke7 35. g5 Kf7 36. exf6 gxf6 37. Nd2 fxg5 38. hxg5 e5 39. Nf3 exd4+ 40. Nxd4
Ne5 41. Nxb5 Ke6 42. Nd4+ Kd5 43. f4 Nf7 44. Nf3 Ke4 45. Ne5 Nd8 46. Nxg6 Kf5
47. Nf8 Kxf4 48. g6 Nc6 49. g7 Ne7 50. Ng6+ 1-0

[Event "Larsen Nordjyske Memorial"]
[Site "Aalborg"]
[Date "2012.10.17"]
[Round "3"]
[White "Rooze, Jan"]
[Black "Patola, Eero"]
[Result "1-0"]
[WhiteElo "2286"]
[BlackElo "1947"]
[PlyCount "73"]
[EventDate "2012.10.15"]
[EventType "swiss"]
[EventRounds "7"]
[EventCountry "DEN"]
[SourceTitle "EXT 2013"]
[Source "ChessBase"]
[SourceDate "2012.11.22"]

1. e4 c5 2. Nf3 e6 3. Nc3 a6 4. d4 cxd4 5. Nxd4 Qc7 6. Bd3 Nf6 7. Qe2 d6 8. O-O
Be7 9. Bd2 O-O 10. Kh1 b5 11. a4 bxa4 12. Rxa4 Bb7 13. f4 Nbd7 14. Rc4 Qb8 15.
Nc6 Bxc6 16. Rxc6 Qb7 17. Rxa6 Rxa6 18. Bxa6 Qxb2 19. e5 Nd5 20. Nxd5 exd5 21.
e6 Nc5 22. exf7+ Rxf7 23. Bd3 Qf6 24. Rb1 Rf8 25. Qh5 Nxd3 26. Qxd5+ Kh8 27.
Qxd3 Rc8 28. g3 h5 29. Rb5 Qa1+ 30. Kg2 Qa8+ 31. Kh3 Rc5 32. Rxc5 dxc5 33. Qg6
Qc8+ 34. f5 h4 35. Bc3 Qf8 36. g4 Kg8 37. g5 1-0

[Event "Larsen Nordjyske Memorial"]
[Site "Aalborg"]
[Date "2012.10.19"]
[Round "5"]
[White "Sloth, Jorn"]
[Black "Kolbak, Jens"]
[Result "1/2-1/2"]
[WhiteElo "2340"]
[BlackElo "2251"]
[PlyCount "133"]
[EventDate "2012.10.15"]
[EventType "swiss"]
[EventRounds "7"]
[EventCountry "DEN"]
[SourceTitle "EXT 2013"]
[Source "ChessBase"]
[SourceDate "2012.11.22"]

1. c4 e5 2. g3 Nf6 3. Bg2 d5 4. cxd5 Nxd5 5. Nf3 Nc6 6. O-O Nb6 7. d3 Be7 8.
Nbd2 O-O 9. a3 a5 10. b3 f6 11. Bb2 Be6 12. Qc2 a4 13. b4 Qd7 14. Rac1 Rfc8 15.
Rfd1 Rab8 16. e3 Bd5 17. Nc4 Nd8 18. Bc3 Qe6 19. Na5 c5 20. Qb2 e4 21. dxe4
Qxe4 22. Nh4 Qe6 23. e4 Bb3 24. Nxb3 Qxb3 25. Nf5 Bf8 26. e5 Qxb2 27. Bxb2 cxb4
28. axb4 fxe5 29. Bxe5 Rxc1 30. Rxc1 Rc8 31. Bd5+ Kh8 32. Rxc8 Nxc8 33. b5 Ne7
34. Nxe7 Bxe7 35. Kf1 h5 36. Ke2 Kh7 37. Kd3 Kg6 38. Kc4 Nf7 39. Be4+ Kh6 40.
Bf4+ g5 41. Bc7 b6 42. Kd5 a3 43. Bb1 Bc5 44. f4 Bg1 45. h3 Kg7 46. Kc6 h4 47.
g4 gxf4 48. Bxf4 Kf6 49. Bc7 Ne5+ 50. Kd5 Nf7 51. Bf4 Ng5 52. Be5+ Ke7 53. Bd6+
Kf6 54. Bxa3 Nxh3 55. Bb2+ Kg5 56. Bf5 Nf4+ 57. Ke4 Bc5 58. Bc1 Bd6 59. Kf3 Be5
60. Be4 Bd6 61. Be3 Bc7 62. Bc6 h3 63. Kg3 Be5 64. Bf3 Bc7 65. Be4 Bd6 66. Bb7
Bc7 67. Ba8 1/2-1/2

[Event "Larsen Nordjyske Memorial"]
[Site "Aalborg"]
[Date "2012.10.18"]
[Round "4"]
[White "Sloth, Jorn"]
[Black "Nielsen, John Bauneborg"]
[Result "1-0"]
[WhiteElo "2340"]
[BlackElo "2155"]
[PlyCount "81"]
[EventDate "2012.10.15"]
[EventType "swiss"]
[EventRounds "7"]
[EventCountry "DEN"]
[SourceTitle "EXT 2013"]
[Source "ChessBase"]
[SourceDate "2012.11.22"]

1. b3 b6 2. Bb2 Bb7 3. Nf3 Nf6 4. g3 g6 5. Bg2 Bg7 6. Na3 O-O 7. c4 c5 8. O-O
d6 9. d3 Nc6 10. e4 e5 11. Nc2 Ne8 12. Ne3 Nc7 13. Bh3 Bc8 14. Bxc8 Rxc8 15.
Nh4 Qd7 16. Qg4 Qxg4 17. Nxg4 f5 18. exf5 gxf5 19. Ne3 Ne7 20. f4 e4 21. Bxg7
Kxg7 22. dxe4 fxe4 23. Rad1 Rcd8 24. f5 d5 25. Rf4 h5 26. cxd5 Nexd5 27. Rxe4
Nxe3 28. Rxd8 Rxd8 29. Rxe3 Kf6 30. Re2 Rd3 31. Kf2 Rd1 32. h3 Rd3 33. Kg2 Rd4
34. Nf3 Rb4 35. Ne5 Rd4 36. Nc6 Rd6 37. Nxa7 Kxf5 38. Nc8 Rd3 39. Nxb6 Ne6 40.
Nc4 Rd5 41. Ne3+ 1-0

[Event "Larsen Nordjyske Memorial"]
[Site "Aalborg"]
[Date "2012.10.15"]
[Round "1"]
[White "Sloth, Jorn"]
[Black "Pedersen, Jan Rode"]
[Result "1-0"]
[WhiteElo "2340"]
[BlackElo "2215"]
[PlyCount "53"]
[EventDate "2012.10.15"]
[EventType "swiss"]
[EventRounds "7"]
[EventCountry "DEN"]
[SourceTitle "EXT 2013"]
[Source "ChessBase"]
[SourceDate "2012.11.22"]

1. c4 g6 2. g3 Bg7 3. Bg2 e6 4. Qb3 Nc6 5. Nf3 Nge7 6. O-O O-O 7. d3 d6 8. Nc3
h6 9. e4 Kh7 10. Be3 f5 11. d4 fxe4 12. Nxe4 d5 13. Ned2 Nf5 14. Rad1 Nfxd4 15.
Nxd4 Nxd4 16. Bxd4 Bxd4 17. cxd5 exd5 18. Bxd5 Qf6 19. Ne4 Qe5 20. Qb4 c5 21.
Nxc5 Qxd5 22. Rxd4 Qc6 23. Re1 Rf7 24. Qc4 Rc7 25. Qd5 Qxc5 26. Qxc5 Rxc5 27.
Re7+ 1-0